Akadálymentes kultúra Látássérült személyek kulturális programokhoz való hozzáférése

Bibliográfiai részletek
Szerző: Valiskó Jázmin
További közreműködők: Takács Dr. Edit
Dokumentumtípus: Diplomadolgozat
Kulcsszavak:akadálymentesítés
hozzáférhetőség
kultúra
látássérült
programok
Online Access:http://dolgozattar.uni-bge.hu/59669

MARC

LEADER 00000nta a2200000 i 4500
001 dolg59669
005 20260409145409.0
008 260409suuuu hu om 000 hun d
040 |a BGE Dolgozattár Repozitórium  |b hun 
041 |a hu 
100 1 |a Valiskó Jázmin 
245 1 0 |a Akadálymentes kultúra  |b Látássérült személyek kulturális programokhoz való hozzáférése  |c Valiskó Jázmin  |h [elektronikus dokumentum] 
520 3 |a A fogyatékossággal élők – köztük a látássérült személyek – esélyegyenlősége és társadalmi hozzáférhetősége alapvető jog. A kulturális programokhoz való hozzáférés e jogok egyik aspektusa, hiszen a kultúra és a művészetek nemcsak szórakozási lehetőséget biztosítanak, hanem elősegítik az egyéni személyiség fejlődését, az önkifejezést és a társas élményt. A látássérült emberek azonban gyakran jelentős akadályokkal szembesülnek a kulturális élményekhez való hozzáférésben, legyen szó az általános információkhoz való hozzáférésről, az akadálymentesítés hiányosságairól vagy a megfelelő segédeszközök és szolgáltatások elérhetőségéről. 
695 |a akadálymentesítés 
695 |a hozzáférhetőség 
695 |a kultúra 
695 |a látássérült 
695 |a programok 
700 1 |a Takács Dr. Edit  |e ths 
856 4 0 |u http://dolgozattar.uni-bge.hu/59669/1/Szakdolgozat_Valisk%C3%B3%20J%C3%A1zmin_KKJUP1...pdf  |z Dokumentum-elérés 
856 4 0 |u http://dolgozattar.uni-bge.hu/59669/2/Valisko%CC%81Ja%CC%81zmin%20_KeszeiBarbara.pdf  |z Dokumentum-elérés 
856 4 0 |u http://dolgozattar.uni-bge.hu/59669/3/Valisk%C3%B3%20J%C3%A1zmin_konzulens_b%C3%ADr%C3%A1lat_Tak%C3%A1csEdit.pdf  |z Dokumentum-elérés